000
00277nam a2200097Ia 4500
008
241105s9999 xx 000 0 und d
041
_a
eng
100
_a
Shedge Shraddha
_9
182643
245
_a
Dilasa : Old Age Homes At Ptahardi Nashik
260
_b
Final Year B.Arch ID, Pune
_c
2014
999
_c
360934
_d
360934